Kevin Bacon - Sudden Death - Statistics

General Stats
  • This quiz has been taken 192 times
  • The average score is 7 of 16
Answers on the Grid
Answers color-coded by a green-red scale on the quiz's grid according to % correct below.
Big
Labyrinth
Splash
Total Recall
Footloose
Mad Max
Freaky Friday
Apollo Thirteen
No Way Out
Presumed Innocent
Requiem for a Dream
Flatliners
JFK
Bachelor Party
Hollow Man
Mystic River
Tremors
Benny and Joon
Criminal Law
Speed 2
Patriots Day
X-Men: First Class
Parenthood
Sleepers
Crazy Stupid Love
The River Wild
The Blues Brothers
A Few Good Men
Wild Things
Frost/Nixon
 
Answer Stats
Answer % Correct
Footloose
89%
Apollo Thirteen
69%
Hollow Man
59%
Flatliners
57%
A Few Good Men
56%
Tremors
54%
Mystic River
48%
The River Wild
47%
Sleepers
45%
JFK
42%
Wild Things
42%
X-Men: First Class
39%
Crazy Stupid Love
33%
Patriots Day
24%
Frost/Nixon
23%
Criminal Law
19%
No matching quizzes found
Score Distribution
Percent of People with Each Score
Percentile by Number Answered
Your Score History
You have not taken this quiz